000 01182nam a2200373 i 4500
001 14475
003 KOSZ 005
005 20191018141546.0
008 070720s1970 pl a f 000 0 pol
015 _aPB 1970/6428
035 _a991035183609705066
035 _a(PL-WaBN)b19461252-48omnis_nlop
035 _ab19461252
035 _a(OCoLC)839072779
035 _a(PL)b0000001946125
035 _a(EXLNZ-48OMNIS_NETWORK)9910301117105606
040 _aWA N
_cWA N
046 _k1970
080 _a801
100 1 _aMańczak, Witold
_d(1924-2016)
_eAutor
245 1 0 _aZ zagadnień językoznawstwa ogólnego /
_cWitold Mańczak.
260 _aWrocław :
_bZakład Narodowy im. Ossolińskich,
_c1970.
300 _a321, [3] strony :
_c23 cm.
336 _2rdacontent
_aTekst
_btxt
337 _2rdamedia
_aBez urządzenia pośredniczącego
_bn
338 _2rdacarrier
_aWolumin
_bnc
380 _aKsiążki
388 _a1901-2000
658 _aJęzykoznawstwo
650 7 _aJęzykoznawstwo
_2DBN
856 _uhttp://koha.tu.koszalin.pl/cgi-bin/koha/opac-detail.pl?biblionumber=14475
_yKatalog online BPK
942 _2UKD
_cKS
999 _c14475
_d14475